Statistics for Top songs of 2023

Click here to take the quiz!

General Stats

  • This quiz has been taken 23 times
  • The average score is 11 of 61

Answer Stats

HintAnswer% Correct
FlowersMiley Cyrus
69%
Dance The NightDua Lipa (D)
62%
Cruel SummerTaylor Swift (C)
62%
Kill BillSZA (K)
54%
Lavender HazeTaylor Swift (L)
54%
Get Him Back!Olivia Rodrigo (G)
46%
Paint the Town RedDoja Cat (P)
38%
Barbie WorldNicki Minaj, Ice Spice & Aqua
38%
Bad Idea Right?Olivia Rodrigo (B)
38%
Boy’s a Liar, PT.IIPinkpantheress & Ice Spice
38%
GreedyTate McRae
38%
KarmaTaylor Swift & Ice Spice
38%
I Can See YouTaylor Swift (I)
38%
What was i Made For?Billie Eilish
31%
DaylightDavid Kushner
31%
HoudiniDua Lipa (H)
31%
3DJung Kook & Jack Harlow
31%
VampireOlivia Rodrigo (V)
31%
Die For YouThe Weeknd & Ariana Grande
31%
PlayersCoi Leray
23%
Agora HillsDoja Cat (A)
23%
My Love all MineMitski
23%
MonacoBad Buddy
15%
CupidFifty Fifty
15%
Princess DianaIce Spice & Nicki Minaj
15%
SevenJung Kook & Latto
15%
All My LifeLil Durk & J Cole
15%
TattooLoreen
15%
K-PopTravis Scott, Bad Bunny & The Weeknd
15%
Where She GoesBad Bunny (W)
8%
MiracleCalvin Harris & Ellie Goulding
8%
Speed DriveCharli XCX
8%
SprinterDave & Central Cee
8%
Ella Baila SolaEslabon Armado & Peso Pluma
8%
Lovin On MeJack Harlow
8%
Standing Next to YouJung Kook
8%
MoonlightKali Uchis
8%
Last NightMorgan Wallen
8%
OMGNewjeans (O)
8%
Super ShyNewjeans (S)
8%
ChemicalPost Malone
8%
EscapismRaye & 070 Shake
8%
Nobody Gets MeSZA (N)
8%
SnoozeSZA (S)
8%
Now and ThenThe Beatles
8%
PopularThe Weeknd, Playboi Carti & Madonna
8%
WaterTyla
8%
Un PreviewBad Bunny (U)
0%
Eyes ClosedEd Sheeran
0%
Classy 101Feid & Young Miko
0%
UN X100TOGrupo Frontera & Bad Bunny
0%
Like CrazyJimin
0%
TQGKarol G & Shakira
0%
StrangersKenya Grace
0%
PeopleLibianca
0%
Used to be YoungMiley Cyrus (U)
0%
LalaMyke Towers
0%
AMGNatanael Cano, Peso Pluma & Gabito Ballesteros
0%
DittoNewjeans (D)
0%
PRCPeso Pluma & Natanael Cano
0%
La BebeYNG LVCAS & Peso Pluma
0%

Score Distribution

Percentile by Number Answered

Percent of People with Each Score

Your Score History

You have not taken this quiz